A practical approach to landlord and tenant (Record no. 103819)

MARC details
000 -LEADER
fixed length control field 02765cam a2200733 4500
001 - CONTROL NUMBER
control field L127749
008 - FIXED-LENGTH DATA ELEMENTS--GENERAL INFORMATION
fixed length control field 041019n2004 000 0 eng u
020 ## - INTERNATIONAL STANDARD BOOK NUMBER
International Standard Book Number 0199273758
035 ## - SYSTEM CONTROL NUMBER
System control number (Sirsi) u127749
041 ## - LANGUAGE CODE
Language code of text/sound track or separate title eng.
050 ## - LIBRARY OF CONGRESS CALL NUMBER
Classification number 346.410434
-- 18
100 ## - MAIN ENTRY--PERSONAL NAME
Personal name Garner, Simon
245 #2 - TITLE STATEMENT
Title A practical approach to landlord and tenant
250 ## - EDITION STATEMENT
Edition statement 4th ed.
260 ## - PUBLICATION, DISTRIBUTION, ETC.
Place of publication, distribution, etc. Oxford
Name of publisher, distributor, etc. Oxford University Press
Date of publication, distribution, etc. 2004
300 ## - PHYSICAL DESCRIPTION
Extent xlix, 598p.
Dimensions 25cm.
350 ## - PRICE (NR) (BK AM CF MU VM SE) [OBSOLETE]
Price 36.95
505 ## - FORMATTED CONTENTS NOTE
Formatted contents note Distinction between a lease and a licence
505 ## - FORMATTED CONTENTS NOTE
Formatted contents note Creating a tenancy
505 ## - FORMATTED CONTENTS NOTE
Formatted contents note Introduction to obligations in leases
505 ## - FORMATTED CONTENTS NOTE
Formatted contents note Implied obligations
505 ## - FORMATTED CONTENTS NOTE
Formatted contents note Express obligations
505 ## - FORMATTED CONTENTS NOTE
Formatted contents note Repair - contractural obligations
505 ## - FORMATTED CONTENTS NOTE
Formatted contents note Repair - obligations arising in tort
505 ## - FORMATTED CONTENTS NOTE
Formatted contents note Assignment and sub-letting - continuing obligations
505 ## - FORMATTED CONTENTS NOTE
Formatted contents note Termination of tenancies: an overview - the common law rules
505 ## - FORMATTED CONTENTS NOTE
Formatted contents note Forfeiture
505 ## - FORMATTED CONTENTS NOTE
Formatted contents note Introduction to the statutory codes
505 ## - FORMATTED CONTENTS NOTE
Formatted contents note The Rent Act 1977 - protected tenancies
505 ## - FORMATTED CONTENTS NOTE
Formatted contents note The Rent Act 1977 - recovery of possession by the landlord
505 ## - FORMATTED CONTENTS NOTE
Formatted contents note The Housing Act 1988 - assured tenancies
505 ## - FORMATTED CONTENTS NOTE
Formatted contents note The Housing Act 1988- recovery of possession by the landlord
505 ## - FORMATTED CONTENTS NOTE
Formatted contents note The Housing Act 1985 - secure tenancies
505 ## - FORMATTED CONTENTS NOTE
Formatted contents note The Housing Act 1985 - recovery of possession by the landlord
505 ## - FORMATTED CONTENTS NOTE
Formatted contents note Protection from eviction
505 ## - FORMATTED CONTENTS NOTE
Formatted contents note Long residential leases at low rents
505 ## - FORMATTED CONTENTS NOTE
Formatted contents note Management and service charges in long leases
505 ## - FORMATTED CONTENTS NOTE
Formatted contents note Enfranchisement and leasehold extention
505 ## - FORMATTED CONTENTS NOTE
Formatted contents note Commonhold
505 ## - FORMATTED CONTENTS NOTE
Formatted contents note Business tenancies
505 ## - FORMATTED CONTENTS NOTE
Formatted contents note Agricultural holdings
505 ## - FORMATTED CONTENTS NOTE
Formatted contents note Farm business tenancies
505 ## - FORMATTED CONTENTS NOTE
Formatted contents note Residential protection of agricultural workers
520 ## - SUMMARY, ETC.
Summary, etc. This edition has been comprehensively updated to cover all recent developments in the law, including the introduction of commonhold, the new right to manage, the new provisions on service charges, statements of account and enfranchisement, the new disrepair protocol, the recent changes to business tenancies, and all relevant case law.
650 ## - SUBJECT ADDED ENTRY--TOPICAL TERM
Topical term or geographic name entry element LANDLORD AND TENANT
9 (RLIN) 6252
650 ## - SUBJECT ADDED ENTRY--TOPICAL TERM
Topical term or geographic name entry element LAW
650 ## - SUBJECT ADDED ENTRY--TOPICAL TERM
Topical term or geographic name entry element TENANCIES
650 ## - SUBJECT ADDED ENTRY--TOPICAL TERM
Topical term or geographic name entry element RENT ACT 1977
650 ## - SUBJECT ADDED ENTRY--TOPICAL TERM
Topical term or geographic name entry element HOUSING ACT 1985
650 ## - SUBJECT ADDED ENTRY--TOPICAL TERM
Topical term or geographic name entry element HOUSING ACT 1988
650 ## - SUBJECT ADDED ENTRY--TOPICAL TERM
Topical term or geographic name entry element COMMONHOLD
650 ## - SUBJECT ADDED ENTRY--TOPICAL TERM
Topical term or geographic name entry element ENFRANCHISEMENT
650 ## - SUBJECT ADDED ENTRY--TOPICAL TERM
Topical term or geographic name entry element AGRICULTURAL HOLDINGS
650 ## - SUBJECT ADDED ENTRY--TOPICAL TERM
Topical term or geographic name entry element FARM BUSINESS TENANCIES
650 ## - SUBJECT ADDED ENTRY--TOPICAL TERM
Topical term or geographic name entry element BUSINESS TENANCIES
650 ## - SUBJECT ADDED ENTRY--TOPICAL TERM
Topical term or geographic name entry element ASSURED TENANCIES
650 ## - SUBJECT ADDED ENTRY--TOPICAL TERM
Topical term or geographic name entry element PROTECTED TENANCIES
650 ## - SUBJECT ADDED ENTRY--TOPICAL TERM
Topical term or geographic name entry element REPAIR
650 ## - SUBJECT ADDED ENTRY--TOPICAL TERM
Topical term or geographic name entry element FORFEITURE
690 ## - LOCAL SUBJECT ADDED ENTRY--TOPICAL TERM (OCLC, RLIN)
Topical term or geographic name as entry element Landlord and tenant
9 (RLIN) 6252
700 ## - ADDED ENTRY--PERSONAL NAME
Personal name Frith, Alexandra
942 ## - ADDED ENTRY ELEMENTS (KOHA)
Suppress in OPAC 0
Holdings
Withdrawn status Lost status Source of classification or shelving scheme Damaged status Not for loan Home library Current library Shelving location Date acquired Cost, normal purchase price Total Checkouts Full call number Barcode Date last seen Date last checked out Copy number Cost, replacement price Price effective from Koha item type
    Other/Generic Classification Scheme     London London Books 28/06/2005 39.96 28 346.410434 GAR 30069935 06/08/2019 03/11/2009 2 39.96 06/08/2019 Book